| 000 | 00456nam a22001457a 4500 | ||
|---|---|---|---|
| 999 |
_c7747 _d7745 |
||
| 005 | 20210324110802.0 | ||
| 008 | 210324b ||||| |||| 00| 0 eng d | ||
| 082 | _a345.408 23 | ||
| 100 |
_aMANOHAR AND CHITALEY _96503 |
||
| 245 | _aTHE ALL INDIA REPORTER MANUAL CIVIL AND CRIMINAL CONTRACT ACT, [1872], SEC-37 TO COURT FEES ACT [1956] VOL-15 | ||
| 260 |
_aNAGPUR _bTHE ALL INDIA REPORTER PVT.LTD. |
||
| 300 | _a1236,p | ||
| 650 |
_aLAW _95701 |
||
| 942 | _cJRL | ||